[Event "Sentjur Ipavec Memorial 8th"]
[Site "Sentjur"]
[Date "2007.12.08"]
[Round "1"]
[White "Krumpacnik, Domen"]
[Black "Drame, Sasa"]
[Result "1-0"]
[WhiteElo "2413"]
[BlackElo "1768"]
[PlyCount "65"]
[EventDate "2007.12.08"]
[EventType "swiss"]
[EventRounds "9"]
[EventCountry "SLO"]
[SourceTitle "EXT 2010"]
[Source "ChessBase"]
[SourceDate "2010.11.25"]
[SourceVersion "1"]
[SourceVersionDate "2010.11.25"]
[SourceQuality "1"]

1. d4 Nf6 2. c4 d6 3. Nc3 g6 4. e4 Bg7 5. f3 0-0 6. Be3 Na6 7. Qd2 c5 8. 0-0-0 cxd4 9. Bxd4 Be6 10. Kb1 Nc7 11. g4 b6 12. h4 h5 13. gxh5 Nxh5 14. Bxg7 Kxg7 15. Nge2 Rh8 16. Nd4 Qc8 17. Nd5 Nxd5 18. cxd5 Bd7 19. Rc1 Qb7 20. Bd3 Rac8 21. Rhg1 Rc5 22. f4 e5 23. dxe6 Bxe6 24. f5 Bc4 25. fxg6 fxg6 26. Nf5+ Kf8 27. Nxd6 Bxd3+ 28. Qxd3 Qg7 29. Nf5 Qf6 30. Ne3 Kg7 31. Qd7+ Qf7 32. Rxg6+ Kf8 33. Qd8+ 1-0

[Event "SLO-ch U16 Girls"]
[Site "Murska Sobota"]
[Date "2007.02.26"]
[Round "4"]
[White "Vidrih, Jana"]
[Black "Drame, Sasa"]
[Result "1/2-1/2"]
[WhiteElo "1613"]
[BlackElo "1764"]
[PlyCount "34"]
[EventDate "2007.02.25"]
[EventType "tourn"]
[EventRounds "9"]
[EventCountry "SLO"]
[SourceTitle "CBM 117 Extra"]
[Source "ChessBase"]
[SourceDate "2007.05.09"]
[SourceVersion "1"]
[SourceVersionDate "2007.05.09"]
[SourceQuality "1"]

1. d4 Nf6 2. Nf3 e6 3. Bf4 b6 4. e3 Bb7 5. Nbd2 Be7 6. Be2 c5 7. c3 cxd4 8. cxd4 d6 9. 0-0 0-0 10. Rc1 Nh5 11. Bg3 Nxg3 12. hxg3 Nd7 13. Qa4 Nf6 14. Rc2 a6 15. Rfc1 b5 16. Qb4 Nd5 17. Qb3 Qa5 1/2-1/2

[Event "SLO-chT (Women) 16th"]
[Site "Ljubljana"]
[Date "2006.07.06"]
[Round "5"]
[White "Drame, Sasa"]
[Black "Korosec, Lara"]
[Result "1-0"]
[WhiteElo "1809"]
[BlackElo "1537"]
[PlyCount "72"]
[EventDate "2006.07.03"]
[EventType "team"]
[EventRounds "9"]
[EventCountry "SLO"]
[SourceTitle "EXT 2008"]
[Source "ChessBase"]
[SourceDate "2007.11.25"]
[SourceVersion "1"]
[SourceVersionDate "2007.11.25"]
[SourceQuality "1"]

1. e4 e5 2. Nf3 Nc6 3. Nc3 Nf6 4. d4 exd4 5. Nxd4 Bb4 6. Nxc6 bxc6 7. Bd3 Qe7 8. 0-0 Bxc3 9. bxc3 0-0 10. Re1 Qe5 11. Bd2 d6 12. f3 Bd7 13. Qe2 Nh5 14. Qe3 f5 15. exf5 Bxf5 16. Qxe5 dxe5 17. Rxe5 Bxd3 18. cxd3 Nf4 19. Bxf4 Rxf4 20. Re7 Rc8 21. Rae1 Rff8 22. R1e6 Rfd8 23. d4 Rd6 24. Rxd6 cxd6 25. Rxa7 c5 26. d5 Re8 27. Kf2 Re5 28. c4 Rf5 29. g3 h6 30. Rd7 Rf6 31. a4 g5 32. a5 h5 33. a6 h4 34. a7 hxg3+ 35. hxg3 g4 36. a8Q+ Rf8 1-0

[Event "SLO-chT (Women) 16th"]
[Site "Ljubljana"]
[Date "2006.07.04"]
[Round "2"]
[White "Bukovec, Tina"]
[Black "Drame, Sasa"]
[Result "1-0"]
[WhiteElo "1904"]
[BlackElo "1809"]
[PlyCount "117"]
[EventDate "2006.07.03"]
[EventType "team"]
[EventRounds "9"]
[EventCountry "SLO"]
[SourceTitle "EXT 2008"]
[Source "ChessBase"]
[SourceDate "2007.11.25"]
[SourceVersion "1"]
[SourceVersionDate "2007.11.25"]
[SourceQuality "1"]

1. e4 c5 2. Nf3 d6 3. d4 cxd4 4. Nxd4 Nf6 5. Nc3 g6 6. Be3 Bg7 7. f3 0-0 8. Bc4 Nc6 9. Qd2 Bd7 10. 0-0-0 Qb8 11. g4 Rc8 12. Bb3 a5 13. a3 Ne5 14. g5 Rxc3 15. Qxc3 Ne8 16. f4 Nc6 17. Qc4 e6 18. Nb5 Ne7 19. Qd3 Ra6 20. h4 Bxb5 21. Qxb5 Qc8 22. Bb6 Kf8 23. h5 Qc6 24. Qxc6 bxc6 25. Bd4 Bxd4 26. Rxd4 Kg7 27. c4 Ra7 28. Rd3 f5 29. e5 d5 30. Rdh3 Kf7 31. cxd5 cxd5 32. Ba4 Rc7+ 33. Kd2 Ng7 34. hxg6+ hxg6 35. Rh8 Rc4 36. b3 Rc8 37. Rxc8 Nxc8 38. Rc1 Ne7 39. Rc5 Nh5 40. Ke3 d4+ 41. Kxd4 Nxf4 42. Rxa5 Ne2+ 43. Ke3 Nc3 44. b4 Ned5+ 45. Kf3 Ne4 46. Ra7+ Kf8 47. Bc2 Nxg5+ 48. Kf2 Nf7 49. Ra8+ Kg7 50. Ra7 Kf8 51. Ra6 Ke7 52. Bb3 Nxe5 53. Bxd5 exd5 54. b5 d4 55. b6 Nd7 56. b7 f4 57. Rxg6 d3 58. Rg7+ Ke6 59. Rxd7 1-0

[Event "SLO-ch U14 Girls"]
[Site "Murska Sobota"]
[Date "2006.03.01"]
[Round "6"]
[White "Kolaric, Spela"]
[Black "Drame, Sasa"]
[Result "1-0"]
[WhiteElo "1564"]
[BlackElo "1820"]
[PlyCount "99"]
[EventDate "2006.02.26"]
[EventType "swiss"]
[EventRounds "9"]
[EventCountry "SLO"]
[SourceTitle "EXT 2009"]
[Source "ChessBase"]
[SourceDate "2008.11.26"]
[SourceVersion "1"]
[SourceVersionDate "2008.11.26"]
[SourceQuality "1"]

1. e4 c5 2. Nf3 d6 3. d4 cxd4 4. Nxd4 Nf6 5. Nc3 g6 6. Be2 Bg7 7. 0-0 0-0 8. Be3 Nc6 9. Nb3 Be6 10. f4 Qc8 11. Kh1 Rd8 12. Bf3 Bc4 13. Re1 e5 14. Nd5 exf4 15. Bxf4 Nxd5 16. exd5 Ne5 17. Be2 Bxe2 18. Qxe2 Qd7 19. c3 Re8 20. Qc2 Rac8 21. Rad1 Nc4 22. Nd2 Ne5 23. Ne4 f5 24. Ng5 Rc4 25. Ne6 Bf6 26. b3 Rcc8 27. a4 a6 28. c4 Nf7 29. Qd3 Be5 30. Be3 Qe7 31. Bg1 Ng5 32. Rxe5 dxe5 33. Nxg5 Qxg5 34. d6 Rcd8 35. Qd5+ Kg7 36. Qxb7+ Kh8 37. d7 Re7 38. Qc7 Re6 39. Bb6 Rxb6 40. Qxb6 Qe7 41. Qc7 e4 42. c5 e3 43. c6 e2 44. Re1 Kg7 45. Qf4 Rf8 46. Qd4+ Kh6 47. Qd2+ f4 48. Qxe2 Qg7 49. Qe7 Qxe7 50. Rxe7 1-0

[Event "SLO-ch U14 Girls"]
[Site "Murska Sobota"]
[Date "2006.02.27"]
[Round "4"]
[White "Vombek, Sara"]
[Black "Drame, Sasa"]
[Result "1/2-1/2"]
[WhiteElo "1822"]
[BlackElo "1820"]
[PlyCount "43"]
[EventDate "2006.02.26"]
[EventType "swiss"]
[EventRounds "9"]
[EventCountry "SLO"]
[SourceTitle "EXT 2009"]
[Source "ChessBase"]
[SourceDate "2008.11.26"]
[SourceVersion "1"]
[SourceVersionDate "2008.11.26"]
[SourceQuality "1"]

1. e4 e5 2. Nf3 Nc6 3. Bb5 Nf6 4. 0-0 Nxe4 5. Re1 Nd6 6. Nxe5 Be7 7. Bd3 Nxe5 8. Rxe5 0-0 9. Nc3 Bf6 10. Re3 g6 11. b3 Re8 12. Rxe8+ Nxe8 13. Bb2 Bg7 14. Na4 Bxb2 15. Nxb2 Ng7 16. Qf3 c6 17. Nc4 d5 18. Ne3 h5 19. h3 Be6 20. Bf1 Nf5 21. Nxf5 Bxf5 22. Bd3 1/2-1/2

[Event "SLO-chT 15th"]
[Site "Bled"]
[Date "2005.11.30"]
[Round "6"]
[White "Srebrnic, Ana"]
[Black "Drame, Sasa"]
[Result "1-0"]
[WhiteElo "2280"]
[BlackElo "1832"]
[PlyCount "75"]
[EventDate "2005.11.26"]
[EventType "team-tourn"]
[EventRounds "9"]
[EventCountry "SLO"]
[SourceTitle "CBM 109 Extra"]
[Source "ChessBase"]
[SourceDate "2006.01.03"]
[SourceVersion "2"]
[SourceVersionDate "2006.01.03"]
[SourceQuality "1"]
[WhiteTeam "Nova Gorica"]
[BlackTeam "Sentjur"]
[WhiteTeamCountry "SLO"]
[BlackTeamCountry "SLO"]

1. d4 Nf6 2. c4 c5 3. Nf3 g6 4. Nc3 b6 5. e4 d6 6. Be2 Bg7 7. 0-0 0-0 8. Rb1 Na6 9. a3 cxd4 10. Nxd4 Nc5 11. f3 Qc7 12. Ncb5 Qb7 13. Be3 Ne6 14. Nxe6 Bxe6 15. Nd4 Qd7 16. Qd2 Rfc8 17. Rfc1 Ne8 18. Rc2 Nc7 19. b3 Qe8 20. Nxe6 Nxe6 21. f4 Nc5 22. Bf3 Rd8 23. b4 Na6 24. Qd3 Nc7 25. Qb3 Rac8 26. Bg4 Rb8 27. Rf1 e6 28. Bf3 Qe7 29. Qa4 a6 30. Qb3 Bh8 31. Qd3 b5 32. Rfc1 Rd7 33. cxb5 axb5 34. Rc6 d5 35. Bc5 Qd8 36. e5 Bg7 37. Bd6 Rb7 38. Qc2 1-0

[Event "SLO-chT U20"]
[Site "Sentjur"]
[Date "2005.08.22"]
[Round "3"]
[White "Bilbija, Aleksandra"]
[Black "Drame, Sasa"]
[Result "1/2-1/2"]
[WhiteElo "1827"]
[BlackElo "1648"]
[PlyCount "45"]
[EventDate "2005.08.21"]
[EventType "team"]
[EventRounds "9"]
[EventCountry "SLO"]
[SourceTitle "EXT 2008"]
[Source "ChessBase"]
[SourceDate "2007.11.25"]
[SourceVersion "1"]
[SourceVersionDate "2007.11.25"]
[SourceQuality "1"]

1. f4 c5 2. Nf3 Nc6 3. e4 e6 4. Bc4 d5 5. exd5 exd5 6. Bb5 Bd7 7. 0-0 Nf6 8. d4 c4 9. Re1+ Be7 10. c3 0-0 11. Ba4 Bd6 12. Ne5 Bxe5 13. fxe5 Ne4 14. Nd2 Nxd2 15. Bxd2 Rb8 16. Qh5 b5 17. Bc2 g6 18. Qh6 f6 19. Bxg6 hxg6 20. Qxg6+ Kh8 21. Qh6+ Kg8 22. Qg6+ Kh8 23. Qh6+ 1/2-1/2

[Event "SLO-ch U14 Girls"]
[Site "Sentjur"]
[Date "2005.03.02"]
[Round "7"]
[White "Drame, Sasa"]
[Black "Bucar, Natasa"]
[Result "1/2-1/2"]
[WhiteElo "1575"]
[BlackElo "1607"]
[PlyCount "94"]
[EventDate "2005.02.26"]
[EventType "tourn"]
[EventRounds "9"]
[EventCountry "SLO"]
[SourceTitle "CBM 105 Extra"]
[Source "ChessBase"]
[SourceDate "2005.05.01"]
[SourceVersion "1"]
[SourceVersionDate "2005.05.01"]
[SourceQuality "1"]

1. e4 c5 2. Nf3 d6 3. d4 cxd4 4. Nxd4 Nf6 5. Nc3 a6 6. Bc4 e6 7. Bb3 Nbd7 8. f4 Nc5 9. Qf3 Be7 10. 0-0 0-0 11. f5 e5 12. Nde2 b5 13. Ng3 Bb7 14. Bg5 h6 15. Bxf6 Bxf6 16. Rad1 Nxb3 17. axb3 Rc8 18. Rf2 Rc5 19. Nd5 Bxd5 20. Rxd5 Rxd5 21. exd5 Bh4 22. c3 Qg5 23. Rc2 Bxg3 24. hxg3 Re8 25. Re2 h5 26. Kh2 g6 27. fxg6 f5 28. c4 h4 29. gxh4 Qxh4+ 30. Kg1 Qg5 31. c5 dxc5 32. d6 e4 33. Qc3 Qxg6 34. Qxc5 Rd8 35. Rd2 Qe6 36. Qc7 Qc8 37. Rc2 Qxc7 38. dxc7 Rc8 39. Kf2 f4 40. g3 fxg3+ 41. Kxg3 Kf7 42. Kf4 Ke6 43. Kxe4 Kd6 44. Kd4 Rxc7 45. Rxc7 Kxc7 46. Kc5 Kb7 47. b4 Kc7 1/2-1/2

[Event "SLO-ch U14 Girls"]
[Site "Sentjur"]
[Date "2005.03.01"]
[Round "5"]
[White "Drame, Sasa"]
[Black "Bilbija, Nina"]
[Result "1-0"]
[WhiteElo "1575"]
[BlackElo "1753"]
[PlyCount "145"]
[EventDate "2005.02.26"]
[EventType "tourn"]
[EventRounds "9"]
[EventCountry "SLO"]
[SourceTitle "CBM 105 Extra"]
[Source "ChessBase"]
[SourceDate "2005.05.01"]
[SourceVersion "1"]
[SourceVersionDate "2005.05.01"]
[SourceQuality "1"]

1. e4 d5 2. exd5 Qxd5 3. Nc3 Qa5 4. d4 Nf6 5. Nf3 Bg4 6. h3 Bh5 7. g4 Bg6 8. Bg2 e6 9. Ne5 c6 10. h4 Be4 11. 0-0 Bxg2 12. Kxg2 Nd5 13. Qf3 f6 14. Nc4 Qc7 15. Re1 Qd7 16. Bd2 Na6 17. a3 0-0-0 18. Ne4 f5 19. Ng3 Nf6 20. gxf5 Qxd4 21. b3 exf5 22. Qxf5+ Qd7 23. Qxd7+ Rxd7 24. Bg5 Bc5 25. Rad1 Rf8 26. b4 Rxd1 27. Rxd1 Bb6 28. Nxb6+ axb6 29. Be3 b5 30. Bd4 Nc7 31. Bc5 Rd8 32. Rxd8+ Kxd8 33. Kf3 Ncd5 34. Nf5 g6 35. Nd6 Kc7 36. Nf7 Kd7 37. Ng5 b6 38. Bd4 Kd6 39. Ne4+ Nxe4 40. Kxe4 c5 41. Be5+ Ke6 42. bxc5 bxc5 43. f4 Ne7 44. Bc7 Nf5 45. Bd8 Nd4 46. Kd3 Kd5 47. Bg5 Nf5 48. Bd8 Nd6 49. Kc3 Ke4 50. Bg5 Nf5 51. Kb3 h6 52. Bd8 Nd4+ 53. Kb2 Ne6 54. Be7 Kxf4 55. c4 Nc7 56. Bd6+ Ke4 57. Bxc7 bxc4 58. Kc3 Kd5 59. Bf4 g5 60. Bxg5 h5 61. Bd8 Kc6 62. Kxc4 Kd7 63. Kxc5 Kxd8 64. a4 Kc7 65. a5 Kb7 66. Kd5 Ka6 67. Ke5 Kxa5 68. Kf5 Kb6 69. Kg5 Kc6 70. Kxh5 Kd6 71. Kg6 Ke7 72. Kg7 Ke6 73. h5 1-0

[Event "SLO-ch U14 Girls"]
[Site "Sentjur"]
[Date "2005.02.28"]
[Round "3"]
[White "Drame, Sasa"]
[Black "Golobic, Katja"]
[Result "1-0"]
[WhiteElo "1575"]
[BlackElo "1522"]
[PlyCount "51"]
[EventDate "2005.02.26"]
[EventType "tourn"]
[EventRounds "9"]
[EventCountry "SLO"]
[SourceTitle "CBM 105 Extra"]
[Source "ChessBase"]
[SourceDate "2005.05.01"]
[SourceVersion "1"]
[SourceVersionDate "2005.05.01"]
[SourceQuality "1"]

1. e4 e5 2. Nf3 Nc6 3. Nc3 Nf6 4. d4 exd4 5. Nxd4 Bb4 6. Nxc6 Bxc3+ 7. bxc3 bxc6 8. Bd3 h6 9. 0-0 0-0 10. e5 Nh7 11. Qe2 Re8 12. f4 Bb7 13. Qe4 Nf8 14. f5 f6 15. Qg4 Kh8 16. Rb1 Rb8 17. exf6 Qxf6 18. c4 Nh7 19. h4 c5 20. Bb2 Qf7 21. f6 Nxf6 22. Qf5 Qg8 23. Qg6 Rf8 24. Rxf6 Rxf6 25. Bxf6 gxf6 26. Qxh6+ 1-0

[Event "SLO-chT U20"]
[Site "Nova Gorica"]
[Date "2004.08.26"]
[Round "8"]
[White "Drame, Sasa"]
[Black "Pavsic, Andrej"]
[Result "1/2-1/2"]
[WhiteElo "1540"]
[BlackElo "1526"]
[PlyCount "96"]
[EventDate "2004.08.21"]
[EventType "team"]
[EventRounds "9"]
[EventCountry "SLO"]
[SourceTitle "EXT 2009"]
[Source "ChessBase"]
[SourceDate "2008.11.26"]
[SourceVersion "1"]
[SourceVersionDate "2008.11.26"]
[SourceQuality "1"]

1. e4 e5 2. Nf3 Nf6 3. Nc3 Nc6 4. d4 exd4 5. Nxd4 Bb4 6. Nxc6 bxc6 7. Bd3 d5 8. exd5 cxd5 9. 0-0 0-0 10. a3 Be7 11. Bg5 c6 12. Re1 Be6 13. Qf3 Qc7 14. Bf5 Bxf5 15. Qxf5 Rfe8 16. Re2 d4 17. Na2 Nd5 18. Bxe7 Rxe7 19. Rd2 Rae8 20. Rf1 Re2 21. Rxd4 Qb6 22. Nc1 Qxd4 23. Nxe2 Qxb2 24. Qd7 Nf6 25. Qd3 Qb5 26. Nc1 Qxd3 27. Nxd3 Re2 28. Rc1 Nd5 29. Kf1 Re7 30. Rb1 f6 31. Rb8+ Kf7 32. Rc8 Rc7 33. Rb8 Ne7 34. Rd8 Rb7 35. Rd4 Nd5 36. Re4 Rb1+ 37. Re1 Rxe1+ 38. Kxe1 Ke7 39. Kd2 g6 40. g3 h5 41. h4 Kd6 42. c4 Ne7 43. Nf4 Ke5 44. Kd3 g5 45. Nxh5 gxh4 46. gxh4 Nf5 47. Ng3 Nxh4 48. Ne2 Nf5 1/2-1/2

[Event "SLO-chT U20"]
[Site "Nova Gorica"]
[Date "2004.08.23"]
[Round "4"]
[White "Drame, Sasa"]
[Black "Rozman, Mitja"]
[Result "1/2-1/2"]
[WhiteElo "1540"]
[BlackElo "1706"]
[PlyCount "57"]
[EventDate "2004.08.21"]
[EventType "team"]
[EventRounds "9"]
[EventCountry "SLO"]
[SourceTitle "EXT 2009"]
[Source "ChessBase"]
[SourceDate "2008.11.26"]
[SourceVersion "1"]
[SourceVersionDate "2008.11.26"]
[SourceQuality "1"]

1. e4 e5 2. Nf3 Nc6 3. Nc3 Nf6 4. d4 exd4 5. Nxd4 Bc5 6. Nxc6 dxc6 7. Qxd8+ Kxd8 8. Bg5 h6 9. Bh4 g5 10. Bg3 Ke7 11. 0-0-0 Bb6 12. f3 Be6 13. Be5 Rhd8 14. Be2 Nh5 15. Na4 Nf4 16. Bxf4 gxf4 17. Nxb6 cxb6 18. b3 Rg8 19. Rhg1 Rg5 20. g3 Rag8 21. g4 R5g7 22. Rd4 h5 23. h3 hxg4 24. hxg4 Rh7 25. Rf1 Rh2 26. Rd2 Rgh8 27. Kd1 Rh1 28. Ke1 a5 29. Bd3 1/2-1/2

[Event "SLO-chT U20"]
[Site "Nova Gorica"]
[Date "2004.08.22"]
[Round "2"]
[White "Drame, Sasa"]
[Black "Bukovec, Tina"]
[Result "0-1"]
[WhiteElo "1540"]
[BlackElo "1810"]
[PlyCount "72"]
[EventDate "2004.08.21"]
[EventType "team"]
[EventRounds "9"]
[EventCountry "SLO"]
[SourceTitle "EXT 2009"]
[Source "ChessBase"]
[SourceDate "2008.11.26"]
[SourceVersion "1"]
[SourceVersionDate "2008.11.26"]
[SourceQuality "1"]

1. e4 c5 2. Nf3 Nc6 3. d4 cxd4 4. Nxd4 g6 5. Nc3 Bg7 6. Be3 Nf6 7. Qd2 0-0 8. 0-0-0 Ng4 9. Bc4 Nxe3 10. Qxe3 Nxd4 11. Rxd4 Bxd4 12. Qxd4 d6 13. f3 Be6 14. Bd5 Qd7 15. h4 h5 16. a3 Rac8 17. g3 b5 18. Rg1 Rc5 19. Bxe6 fxe6 20. Qe3 Kh7 21. g4 a5 22. Ne2 Qc7 23. c3 b4 24. axb4 axb4 25. gxh5 gxh5 26. Kc2 Qa5 27. Nd4 Qa4+ 28. Kd2 bxc3+ 29. bxc3 Rb8 30. Qd3 Rb2+ 31. Ke3 e5 32. Ne6 Qa3 33. Rc1 Ra2 34. Qd1 Rxc3+ 35. Rxc3 Qxc3+ 36. Qd3 Qe1+ 0-1

[Event "SLO-ch U12 Girls"]
[Site "Celje"]
[Date "2004.02.23"]
[Round "3"]
[White "Drame, Sasa"]
[Black "Kolaric, Spela"]
[Result "1-0"]
[WhiteElo "1516"]
[BlackElo "1563"]
[PlyCount "92"]
[EventDate "2004.02.22"]
[EventType "tourn"]
[EventRounds "7"]
[EventCountry "SLO"]
[SourceTitle "EXT 2008"]
[Source "ChessBase"]
[SourceDate "2007.11.25"]
[SourceVersion "1"]
[SourceVersionDate "2007.11.25"]
[SourceQuality "1"]

1. e4 e5 2. Nf3 Nc6 3. Nc3 Nf6 4. d4 exd4 5. Nxd4 Bc5 6. Be3 0-0 7. Nxc6 bxc6 8. Bxc5 Re8 9. Qd3 d6 10. 0-0-0 Be6 11. Qa6 Qb8 12. Bd4 c5 13. Bxf6 gxf6 14. Bb5 Rd8 15. Bc6 Bc8 16. Qb5 Qxb5 17. Bxb5 Be6 18. Bc6 Rab8 19. Nd5 Bxd5 20. Bxd5 Rb6 21. b3 Re8 22. Rhe1 a5 23. a4 Rbb8 24. Bc6 Re7 25. Re3 Rb6 26. Bd5 Rb8 27. g4 Kh8 28. h4 Rg8 29. Rg1 h5 30. g5 fxg5 31. Rxg5 Rxg5 32. hxg5 Kg7 33. Kd1 Kg6 34. f4 h4 35. Ke2 Kh5 36. Kf3 Rd7 37. Rd3 Re7 38. Rd1 Rd7 39. Rg1 Re7 40. c3 Rd7 41. Rh1 Re7 42. Re1 Rd7 43. Rb1 Re7 44. Re1 Rd7 45. c4 Re7 46. Re3 Rd7 1-0

[Event "SLO-ch U20"]
[Site "Celje"]
[Date "2004.01.13"]
[Round "5"]
[White "Drame, Sasa"]
[Black "Bucar, Natasa"]
[Result "0-1"]
[WhiteElo "1516"]
[BlackElo "1567"]
[PlyCount "82"]
[EventDate "2004.01.10"]
[EventType "swiss"]
[EventRounds "7"]
[EventCountry "SLO"]
[SourceTitle "CBM 098 Extra"]
[Source "ChessBase"]
[SourceDate "2004.03.10"]
[SourceVersion "2"]
[SourceVersionDate "2004.03.10"]
[SourceQuality "1"]

1. e4 c5 2. Nf3 d6 3. d4 cxd4 4. Nxd4 Nf6 5. Nc3 a6 6. Bc4 e6 7. Bb3 Be7 8. 0-0 0-0 9. f4 Nc6 10. f5 Qb6 11. fxe6 Qxd4+ 12. Qxd4 Nxd4 13. exf7+ Kh8 14. Bf4 Nxb3 15. axb3 Be6 16. e5 dxe5 17. Bxe5 Bxf7 18. Rae1 Bg6 19. Re2 Bh5 20. Ree1 Rad8 21. Bf4 Bb4 22. h3 h6 23. Kh1 Nd5 24. Bd2 Rxf1+ 25. Rxf1 Bg6 26. Rc1 Nxc3 27. Bxc3 Bxc3 28. bxc3 Rd2 29. b4 Rxc2 30. Rxc2 Bxc2 31. Kg1 b5 32. Kf2 g5 33. g3 Kg7 34. Kf3 h5 35. Kf2 h4 36. Kf3 hxg3 37. Kxg3 Kf6 38. Kf3 Kf5 39. Ke3 Ke5 40. Kf3 Kd5 41. Ke3 Bf5 0-1

[Event "SLO-ch U20"]
[Site "Celje"]
[Date "2004.01.12"]
[Round "4"]
[White "Vidrih, Jana"]
[Black "Drame, Sasa"]
[Result "1/2-1/2"]
[WhiteElo "1502"]
[BlackElo "1516"]
[PlyCount "84"]
[EventDate "2004.01.10"]
[EventType "swiss"]
[EventRounds "7"]
[EventCountry "SLO"]
[SourceTitle "CBM 098 Extra"]
[Source "ChessBase"]
[SourceDate "2004.03.10"]
[SourceVersion "2"]
[SourceVersionDate "2004.03.10"]
[SourceQuality "1"]

1. d4 Nf6 2. Nf3 g6 3. Bg5 Bg7 4. c4 0-0 5. e3 d6 6. Be2 c5 7. dxc5 dxc5 8. 0-0 Nc6 9. Nc3 Qc7 10. Bf4 Qd8 11. Qb3 e6 12. Rfd1 Qa5 13. Bd6 Rd8 14. Qb5 a6 15. Qxa5 Nxa5 16. Bxc5 Nc6 17. Rxd8+ Nxd8 18. Rd1 Nc6 19. b3 Bd7 20. Ng5 Re8 21. Nge4 Nxe4 22. Nxe4 Bc8 23. Bf3 Ne5 24. Be2 Nc6 25. Nd6 Rd8 26. Bb6 Rf8 27. Bc5 Rd8 28. Nxc8 Rxc8 29. Rd7 Rb8 30. Bf3 Bf6 31. Bxc6 bxc6 32. Rd6 Rc8 33. Kf1 Be7 34. Rxc6 Rxc6 35. Bxe7 Rc7 36. Bb4 Rb7 37. Bd6 Rb6 38. Bc5 Rc6 39. Bb4 Rb6 40. Bc5 Rc6 41. Bb4 Rb6 42. Bc5 Rc6 1/2-1/2